Statistics for Top 15 Countries with Covid-19 Deaths - 13 April 2022

Click here to take the quiz!

General Stats

  • This quiz has been taken 29 times
  • The average score is 14 of 27

Answer Stats

country% Correct
United States
100%
India
85%
United Kingdom
85%
Russia
81%
Brazil
78%
Germany
78%
Mexico
78%
France
74%
Italy
74%
Argentina
67%
Poland
63%
Colombia
56%
Peru
56%
Indonesia
52%
Czechia
37%
Romania
37%
Bulgaria
33%
Hungary
33%
Iran
33%
Slovakia
26%
Bosnia and
Herzegovina
22%
North Macedonia
22%
Croatia
19%
Latvia
19%
Lithuania
19%
Slovenia
19%
Georgia
15%

Score Distribution

Percentile by Number Answered

Percent of People with Each Score

Your Score History

You have not taken this quiz